Ακόμα και οι καουμποϊσες μελαγχολούν

Αποθηκεύτηκε σε:
Λεπτομέρειες βιβλιογραφικής εγγραφής
Κύριος συγγραφέας: Robbins, Tom, 1932-
Άλλοι συγγραφείς: Κωστόπουλος, Γιάννης (Μεταφραστής), Μπαρουξής, Γιώργος (Μεταφραστής)
Μορφή: Βιβλίο
Γλώσσα:Greek
English
Δημοσίευση: Αθήνα : Αίολος, 1998.
Σειρά:Ξένη λογοτεχνία (Αίολος)
Θέματα:
Ετικέτες: Προσθήκη ετικέτας
Δεν υπάρχουν, Καταχωρήστε ετικέτα πρώτοι!

MARC

LEADER 00000cam a2200000 i 4500
001 1/25911
008 060309s1998 gr | ||| |||| ||gre||
020 |a 960521024X 
035 |l 10083032 
040 |a GR-MyUA  |b gre  |e AACR2 
041 1 |a gre  |h eng 
082 0 |a 813  |2 (22) 
100 1 |a Robbins, Tom,   |d 1932- 
245 1 0 |a Ακόμα και οι καουμποϊσες μελαγχολούν /   |c Τομ Ρομπινς ; μετάφραση Γιάννης Κωστόπουλος, Γιώργος Μπαρουξής.  
260 |a Αθήνα :   |b Αίολος,   |c 1998.  
300 |a 424 σ. ;   |c 21 εκ.  
490 1 |a (Ξένη λογοτεχνία)  
500 |a Τίτλος πρωτοτύπου: Even cowgirls get the blues.  
650 0 0 |a Young women  |x Fiction. 
650 0 0 |a Hitchhiking  |x Fiction. 
650 0 0 |a Adventure stories. 
650 0 0 |a American fiction. 
700 1 |a Κωστόπουλος, Γιάννης,  |e trl 
700 1 |a Μπαρουξής, Γιώργος,  |e trl 
830 0 |a Ξένη λογοτεχνία (Αίολος) 
852 |a INST  |b SAMOS  |e 20060309  |h 813 ROB  |p 005300024541  |q 005300024541  |t BK  |y 0 
901 |a BIBL3-2006-1 
909 |a Σ  |b 124819 
970 |a ΚΟΣΙΕΡΗΣ  |b ΧΡΗΣΤΟΣ  |z 2006/03/09